00503 2200169 4500001002100000005001700021008004100038020002200079035002400101082001000125090001400135245006300149260003100212300003100243650003900274990002000313YOGYA-1111000000009720111108223808.0 ind  a978-979-709-521-5 0010-111100000000097 a959.8 a959.8 Ind aIndonesia Menentukan Nasib: dari Reformasi ke Transformasi aJakartabBuku Kompasc2010 aXVIII, 22 hlmbIlusc21 cm aIndonesia-Politik dan Pemerintahan a884-886-PD/B.11